|
|
|
|
| LEADER |
00000cam a2200000 7i4500 |
| 001 |
0000028481 |
| 005 |
20220105104042.0 |
| 008 |
091209 |
| 020 |
|
|
|a 0746093139
|
| 090 |
0 |
0 |
|a JP
|b ENG
|
| 245 |
1 |
4 |
|a The boy who cried wolf
|c retold by Mairi Mackinnon ; illustrated by Mike and Carlt Gordon
|
| 260 |
|
|
|a England :
|b Usborne Publishing Ltd ,
|c 2007
|
| 440 |
|
|
|a Usborne first reading : level three
|
| 500 |
|
|
|a Children age 4-6 years old (yellow)
|
| 650 |
|
0 |
|a English language fiction
|
| 650 |
|
0 |
|a English
|x Fiction
|
| 650 |
|
0 |
|a Young readers
|x Fictions
|
| 700 |
1 |
|
|a Gordon, Carlt
|
| 700 |
1 |
|
|a Mackinnon, Mairi
|
| 999 |
|
|
|a 0001039584
|b Book
|c Children Collection
|e Cawangan Bandar Penawar
|
| 999 |
|
|
|a 0001063116
|b Book
|c Children Collection
|e Cawangan Taman Sri Lambak
|
| 999 |
|
|
|a 0001063117
|b Book
|c Children Collection
|e Cawangan Taman Sri Lambak
|
| 999 |
|
|
|a 0001128340
|b Book
|c Children Collection
|e Cawangan Mersing
|
| 999 |
|
|
|a 0001128347
|b Book
|c Children Collection
|e Cawangan Segamat
|
| 999 |
|
|
|a 0001128348
|b Book
|c Children Collection
|e Cawangan Tmn. Ungku Tun Aminah
|
| 999 |
|
|
|a 0001135717
|b Book
|c Children Collection
|e Perbadanan Perpustakaan Awam Johor
|
| 999 |
|
|
|a 0001135718
|b Book
|c Children Collection
|e Perbadanan Perpustakaan Awam Johor
|
| 999 |
|
|
|a 0001135719
|b Book
|c Children Collection
|e Perbadanan Perpustakaan Awam Johor
|
| 999 |
|
|
|a 0001135720
|b Book
|c Children Collection
|e Perbadanan Perpustakaan Awam Johor
|